Komparácia využívania platforiem zdieľanej ekonomiky v cestovnom ruchu
Porovnanie využívania platforiem v cestovnom ruchu medzi slovenskými a neslovenskými spotrebiteľmi (užívateľmi) digitálnych platforiem. Vytvorenie spotrebiteľského profilu, preskúmanie frekvencie využívania platforiem medzi slovenskými a neslovenskými respondentmi a preskúmanie podobností a odlišnos...
Salvato in:
| Autore principale: | |
|---|---|
| Natura: | Capitolo di libro |
| Lingua: | slovacco |
| Soggetti: | |
| Tags: |
Nessun Tag, puoi essere il primo ad aggiungerne!!
|
MARC
| LEADER | 00000naa$a2200000$$$4500 | ||
|---|---|---|---|
| 001 | 0271357 | ||
| 005 | 20240502074252.7 | ||
| 041 | 0 | |a slo | |
| 044 | |a SK | ||
| 245 | 1 | 0 | |a Komparácia využívania platforiem zdieľanej ekonomiky v cestovnom ruchu |
| 520 | |a Porovnanie využívania platforiem v cestovnom ruchu medzi slovenskými a neslovenskými spotrebiteľmi (užívateľmi) digitálnych platforiem. Vytvorenie spotrebiteľského profilu, preskúmanie frekvencie využívania platforiem medzi slovenskými a neslovenskými respondentmi a preskúmanie podobností a odlišností využívania platforiem v cestovnom ruchu u respondentov. Prieskum spotrebiteľského správania respondentov bol zrealizovaný prostredníctvom metódy priameho dopytovania cez anonymný dotazník sociodemografického charakteru v elektronickej verzii v anglickej a slovenskej jazykovej mutácii od 4. 3. 2020 do 14. 3. 2020 na vzorke 400 respondentov (200 slovenských a 200 z ostatných krajín Európskej únie). | ||
| 610 | 2 | 0 | |a ekonomika zdieľaná |
| 610 | 2 | 0 | |a pohyb služieb voľný |
| 610 | 2 | 0 | |a ruch cestovný medzinárodný |
| 610 | 2 | 0 | |a služby dopravné |
| 610 | 2 | 0 | |a generácie |
| 610 | 2 | 0 | |a Slovensko |
| 610 | 2 | 0 | |a Európska únia |
| 610 | 2 | 0 | |a dotazníky |
| 100 | 1 | |a Zemanová, Lenka, 1995- | |